[Event "September Lviv Tradition 2019"]
[Site "Lviv"]
[Date "2019.09.27"]
[Round "8.5"]
[White "Cherniaiev, Tykhon"]
[Black "Siniauski, Artsiom"]
[Result "1/2-1/2"]
[WhiteElo "2112"]
[BlackElo "2233"]
[Annotator "NA"]
[PlyCount "109"]
[EventDate "2019.09.23"]
[EventType "tourn"]
[EventCountry "UKR"]
[SourceTitle "playchess.com"]
[Source "ChessBase"]
[SourceQuality "1"]
[TimeControl "5400+30"]

1. Nf3 {[%emt 0:00:00]} Nf6 {[%emt 0:00:00]} 2. c4 {[%emt 0:00:33]} b6 {[%emt 0:00:03]} 3. g3 {[%emt 0:00:31]} Bb7 {[%emt 0:00:09]} 4. Bg2 {[%emt 0:00:07]} e6 {[%emt 0:00:27]} 5. O-O {[%emt 0:02:58]} Be7 {[%emt 0:00:28]} 6. b3 {[%emt 0:01:41]} O-O {[%emt 0:00:20]} 7. Bb2 {[%emt 0:01:15]} d5 {[%emt 0:00:44]} 8. Ne5 {[%emt 0:18:46]} Nbd7 {[%emt 0:07:08]} 9. d4 {[%emt 0:04:48]} c5 {[%emt 0:02:42]} 10. e3 {[%emt 0:05:07]} Qc7 {[%emt 0:04:52]} 11. cxd5 {[%emt 0:06:05]} Bxd5 {[%emt 0:08:46]} 12. Bxd5 {[%emt 0:02:44]} exd5 {[%emt 0:00:29]} 13. Nxd7 {[%emt 0:03:23]} Qxd7 {[%emt 0:01:12]} 14. Nc3 {[%emt 0:13:30]} Qf5 {[%emt 0:06:11]} 15. Kg2 {[%emt 0:04:20]} Rac8 {[%emt 0:05:02]} 16. dxc5 {[%emt 0:07:25]} bxc5 {[%emt 0:02:03]} 17. Qf3 {[%emt 0:02:15]} Qe6 {[%emt 0:09:11]} 18. Rfd1 {[%emt 0:02:05]} Rfd8 {[%emt 0:00:39]} 19. Ne2 {[%emt 0:00:42]} Qb6 {[%emt 0:14:13]} 20. Nf4 {[%emt 0:02:15]} d4 {[%emt 0:04:04]} 21. exd4 {[%emt 0:00:26]} cxd4 {[%emt 0:00:11]} 22. Ne2 {[%emt 0:01:00]} Bc5 {[%emt 0:00:30]} 23. Rac1 {[%emt 0:00:29]} Qa6 {[%emt 0:04:56]} 24. Bxd4 {[%emt 0:01:11]} Bxd4 {[%emt 0:00:42]} 25. Rxd4 {[%emt 0:00:17]} Qxa2 {[%emt 0:03:22]} 26. Rxc8 {[%emt 0:00:25]} Rxc8 {[%emt 0:00:08]} 27. Ra4 {[%emt 0:00:09]} Qc2 {[%emt 0:08:25]} 28. Rxa7 {[%emt 0:00:10]} Qe4 {[%emt 0:00:58]} 29. Qxe4 {[%emt 0:00:16]} Nxe4 {[%emt 0:00:03]} 30. Ra4 {[%emt 0:01:31]} f5 {[%emt 0:01:19]} 31. Nd4 {[%emt 0:01:08]} g6 {[%emt 0:00:27]} 32. Ra2 {[%emt 0:04:30]} Rb8 {[%emt 0:03:23]} 33. Rc2 {[%emt 0:01:01]} Kf7 {[%emt 0:04:20]} 34. h3 {[%emt 0:02:58]} Kf6 {[%emt 0:02:04]} 35. h4 {[%emt 0:05:19]} Rb7 {[%emt 0:00:36]} 36. h5 {[%emt 0:01:52]} Ke5 {[%emt 0:01:51]} 37. Nf3+ {[%emt 0:00:32]} Kd5 {[%emt 0:00:13]} 38. hxg6 {[%emt 0:00:23]} hxg6 {[%emt 0:00:05]} 39. Nd2 {[%emt 0:00:30]} Nc5 {[%emt 0:01:22]} 40. Ra2 {[%emt 0:00:41]} Rb6 {[%emt 0:01:15]} 41. Ra5 {[%emt 0:01:07]} Kd4 {[%emt 0:01:57]} 42. Nf3+ {[%emt 0:00:17]} Kd5 {[%emt 0:00:04]} 43. Nh4 {[%emt 0:00:28]} Kd4 {[%emt 0:00:36]} 44. b4 {[%emt 0:02:31]} Nd3 {[%emt 0:02:48]} 45. b5 {[%emt 0:00:52]} Ke4 {[%emt 0:00:09]} 46. Ra6 {[%emt 0:00:47]} Rxb5 {[%emt 0:00:07]} 47. Ra4+ {[%emt 0:00:03]} Rb4 {[%emt 0:00:42]} 48. Rxb4+ {[%emt 0:00:18]} Nxb4 {[%emt 0:00:02]} 49. Nxg6 {[%emt 0:00:02]} Nd5 {[%emt 0:01:38]} 50. f3+ {[%emt 0:01:13]} Kd4 {[%emt 0:00:30]} 51. Kf2 {[%emt 0:00:24]} Nf6 {[%emt 0:00:26]} 52. Ke2 {[%emt 0:00:20]} Nh5 {[%emt 0:00:19]} 53. Kf2 {[%emt 0:00:06]} Nf6 {[%emt 0:00:04]} 54. Kg2 {[%emt 0:00:14]} Nh7 {[%emt 0:00:28]} 55. f4 {[%emt 0:00:53] Ke5} 1/2-1/2

[Event "September Lviv Tradition 2019"]
[Site "Lviv"]
[Date "2019.09.28"]
[Round "9.1"]
[White "Nester, Ihor"]
[Black "Goikhman, Valentin"]
[Result "1-0"]
[WhiteElo "2383"]
[BlackElo "2295"]
[Annotator "TA"]
[PlyCount "101"]
[EventDate "2019.09.23"]
[EventType "tourn"]
[EventCountry "UKR"]
[SourceTitle "playchess.com"]
[Source "ChessBase"]
[SourceQuality "1"]

{[%evp 14,101,63,37,29,33,79,77,94,94,128,112,112,127,122,106,91,106,147,139,152,150,148,139,185,177,209,181,239,146,147,150,412,398,404,402,463,433,419,254,250,242,242,247,246,243,245,240,312,312,324,320,316,287,308,287,388,347,423,402,402,402,488,489,486,475,461,439,732,731,1001,977,896,878,845,733,981,816,798,643,1186,1173,1490,1497,6709,6415,29979,29980,29980,29981]} 1. Nf3 Nf6 2. c4 c5 3. Nc3 d5 4. cxd5 Nxd5 5. d4 e6 6. e4 Nxc3 7. bxc3 Be7 8. Bd3 Nc6 {D41: Queen's Gambit Declined: Semi-Tarrasch with 5 cxd5} (8... cxd4 9. cxd4 O-O 10. O-O b6 11. Bf4 Bb7 12. Rc1 Bd6 13. Bxd6 Qxd6 14. Qc2 Qa3 15. Qc7 Ba6 16. Rc3 Qxa2 {0-1 (51) Kotanjian,T (2518)-Hayrapetyan,H (2488) Yerevan 2013}) 9. O-O O-O {[%cal Rc5d4]} 10. d5 Na5 {White is better.} 11. c4 {[%cal Bc3c4,Bc4b5][%mdl 32]} b5 $146 ({Predecessor:} 11... b6 12. Qc2 h6 13. Bb2 exd5 14. cxd5 Bb7 15. Rad1 f5 16. Qc3 Rf7 17. Ne5 {0-1 (74) Jusko,P (1901)-Belus,B (1976) Slovakia 2014}) 12. cxb5 c4 13. Bc2 exd5 14. Qxd5 Qxd5 15. exd5 Bf6 {[#]} 16. Rb1 $1 Rd8 17. Bf4 Nb7 18. Rfd1 Nd6 19. Nd4 Bxd4 20. Rxd4 Bb7 (20... Bf5 $142) 21. Bxd6 Rxd6 22. Rxc4 Rxd5 $2 (22... Rad8 $16 23. Rc7 Bxd5) 23. Rc7 $18 Rd2 24. Bb3 ({Not} 24. Rxb7 Rxc2 25. Ra1 Rac8 $16) 24... Bd5 25. Rd7 Be4 26. Bxf7+ ({Don't play} 26. Rxd2 Bxb1 27. Rd7 h5 $18) 26... Kf8 27. Rxd2 Bxb1 {[%mdl 4096] Endgame KRB-KRB} 28. Bb3 Ke7 29. f4 Rc8 30. Re2+ Kd6 31. Re6+ Kd7 32. Ra6 {Threatens to win with Be6+.} Rc7 33. Bd5 Bd3 34. a4 Ke7 35. Kf2 Rd7 36. Bc6 Rc7 37. Ke3 Bf1 38. Kd4 Kd6 39. g3 Ke7 40. Ke5 g6 (40... Kd8 $142 41. Bd5 Kc8) 41. Bd5 Bh3 42. Rc6 Rd7 43. Be6 Bxe6 44. Rxe6+ {KR-KR} Kf7 45. Ra6 Rb7 46. g4 Ke7 47. f5 Kf7 48. f6 g5 49. Kf5 h6 50. Re6 Rc7 {[#]} 51. Re7+ $1 {Accuracy: White = 86%, Black = 36%.} 1-0

[Event "September Lviv Tradition 2019"]
[Site "Lviv"]
[Date "2019.09.28"]
[Round "9.2"]
[White "Sevostianov, Pavel"]
[Black "Frolov, Artur"]
[Result "1/2-1/2"]
[WhiteElo "2260"]
[BlackElo "2425"]
[Annotator "TA"]
[PlyCount "62"]
[EventDate "2019.09.23"]
[EventType "tourn"]
[EventCountry "UKR"]
[SourceTitle "playchess.com"]
[Source "ChessBase"]
[SourceQuality "1"]

{[%evp 14,62,8,13,7,5,10,0,10,10,6,6,6,13,6,4,9,2,0,0,16,0,5,16,22,20,33,8,18,17,7,16,21,0,0,-6,-4,-5,-2,-17,0,0,0,0,0,0,0,0,0,0,0]} 1. d4 Nf6 2. c4 e6 3. Nc3 Bb4 4. Qc2 O-O 5. a3 Bxc3+ 6. Qxc3 b6 7. Bg5 Bb7 8. e3 d6 {E32: Nimzo-Indian: Classical (4 Qc2): 4...0-0} 9. Ne2 (9. f3 h6 10. Bh4 d5 11. cxd5 exd5 12. Bd3 Nbd7 13. Ne2 c5 14. O-O Qe7 15. Bf2 Rac8 16. Qd2 {1-0 (56) Sjugirov,S (2663)-Sarana,A (2618) St Petersburg 2018}) 9... Nbd7 10. Qd3 Ba6 11. Nc3 d5 12. Qc2 Bxc4 13. Bxc4 dxc4 14. Qa4 h6 15. Bh4 c5 16. Rd1 Qc8 $146 17. O-O Qb7 18. Qxc4 Rac8 19. Qe2 Ne4 20. Qf3 f5 {The position is equal.} 21. Nxe4 Qxe4 22. Qxe4 fxe4 23. Rd2 c4 24. Rc1 b5 25. Kf1 Kf7 (25... g5 $5 26. Bg3 $8 Nb6 $11) 26. Ke2 Nb6 (26... g5 $5 27. Bg3 $8 Nb6 $11) 27. f3 g5 28. Bg3 exf3+ 29. gxf3 Ke7 30. e4 Rf7 31. Rdc2 Rcf8 {Accuracy: White = 69%, Black = 68%.} 1/2-1/2

[Event "September Lviv Tradition 2019"]
[Site "Lviv"]
[Date "2019.09.28"]
[Round "9.3"]
[White "Siniauski, Artsiom"]
[Black "Vakulenko, Oleksandr"]
[Result "1/2-1/2"]
[WhiteElo "2233"]
[BlackElo "2167"]
[Annotator "NA"]
[PlyCount "93"]
[EventDate "2019.09.23"]
[EventType "tourn"]
[EventCountry "UKR"]
[SourceTitle "playchess.com"]
[Source "ChessBase"]
[SourceQuality "1"]
[TimeControl "5400+30"]

1. e4 {[%emt 0:00:00]} e5 {[%emt 0:00:00]} 2. Nf3 {[%emt 0:00:00]} Nc6 {[%emt 0:00:00]} 3. Bb5 {[%emt 0:00:00]} a6 {[%emt 0:00:00]} 4. Ba4 {[%emt 0:00:06]} Nge7 {[%emt 0:00:16]} 5. O-O {[%emt 0:06:21]} g6 {[%emt 0:00:21]} 6. c3 {[%emt 0:10:41]} Bg7 {[%emt 0:00:54]} 7. d4 {[%emt 0:00:07]} exd4 {[%emt 0:00:41]} 8. Nxd4 {[%emt 0:00:13]} O-O {[%emt 0:24:54]} 9. Be3 {[%emt 0:00:44]} Ne5 {[%emt 0:01:37]} 10. Nd2 {[%emt 0:03:51]} d5 {[%emt 0:04:35]} 11. h3 {[%emt 0:09:33]} c5 {[%emt 0:17:21]} 12. N4f3 {[%emt 0:04:59]} Nd3 {[%emt 0:05:15]} 13. Qb1 {[%emt 0:02:50]} dxe4 {[%emt 0:03:10]} 14. Nxe4 {[%emt 0:00:32]} Bf5 {[%emt 0:00:18]} 15. Ng3 {[%emt 0:01:02]} Ne5 {[%emt 0:07:09]} 16. Qd1 {[%emt 0:01:19]} Qxd1 {[%emt 0:07:33]} 17. Bxd1 {[%emt 0:00:31]} Nd3 {[%emt 0:01:04]} 18. Bc2 {[%emt 0:06:21]} c4 {[%emt 0:03:24]} 19. Rab1 {[%emt 0:08:44]} Be6 {[%emt 0:03:01]} 20. Bd4 {[%emt 0:02:22]} Nc6 {[%emt 0:00:56]} 21. Bxg7 {[%emt 0:00:39]} Kxg7 {[%emt 0:00:01]} 22. Ne2 {[%emt 0:00:34]} Bd5 {[%emt 0:03:06]} 23. Nfd4 {[%emt 0:04:56]} Rfe8 {[%emt 0:01:33]} 24. Rfd1 {[%emt 0:02:33]} Rad8 {[%emt 0:02:33]} 25. Rd2 {[%emt 0:05:44]} Nxd4 {[%emt 0:04:06]} 26. Nxd4 {[%emt 0:00:37]} Nf4 {[%emt 0:01:53]} 27. f3 {[%emt 0:01:12]} Re5 {[%emt 0:00:12]} 28. Rbd1 {[%emt 0:03:49]} Rde8 {[%emt 0:00:35]} 29. Kh2 {[%emt 0:02:27]} Kf6 {[%emt 0:00:26]} 30. Kg3 {[%emt 0:02:03]} Ne2+ {[%emt 0:02:19]} 31. Nxe2 {[%emt 0:00:54]} Rxe2 {[%emt 0:00:01]} 32. Ba4 {[%emt 0:00:53]} Bc6 {[%emt 0:03:08]} 33. Bxc6 {[%emt 0:01:18]} bxc6 {[%emt 0:00:01]} 34. Rd6+ {[%emt 0:00:19]} R8e6 {[%emt 0:00:24]} 35. R1d2 {[%emt 0:00:40]} Kf5 {[%emt 0:01:20]} 36. a3 {[%emt 0:00:35]} Rxd6 {[%emt 0:00:29]} 37. Rxe2 {[%emt 0:00:30]} Re6 {[%emt 0:02:23]} 38. Rd2 {[%emt 0:01:02]} Ke5 {[%emt 0:01:16]} 39. Rd4 {[%emt 0:00:42]} c5 {[%emt 0:00:32]} 40. Rxc4 {[%emt 0:00:34]} Kd5 {[%emt 0:00:13]} 41. Rf4 {[%emt 0:01:30]} f5 {[%emt 0:00:47]} 42. Kf2 {[%emt 0:01:10]} c4 {[%emt 0:00:38]} 43. Rd4+ {[%emt 0:03:03]} Kc5 {[%emt 0:00:01]} 44. g3 {[%emt 0:00:56]} h5 {[%emt 0:00:48]} 45. Rd2 {[%emt 0:01:50]} Kb5 {[%emt 0:00:23]} 46. Rd4 {[%emt 0:01:01]} Rc6 {[%emt 0:00:22]} 47. Ke3 {[%emt 0:02:59]} 1/2-1/2

[Event "September Lviv Tradition 2019"]
[Site "Lviv"]
[Date "2019.09.28"]
[Round "9.4"]
[White "Prydun, Andriy"]
[Black "Cherniaiev, Tykhon"]
[Result "1-0"]
[WhiteElo "2273"]
[BlackElo "2112"]
[Annotator "NA"]
[PlyCount "89"]
[EventDate "2019.09.23"]
[EventType "tourn"]
[EventCountry "UKR"]
[SourceTitle "playchess.com"]
[Source "ChessBase"]
[SourceQuality "1"]
[TimeControl "5400+30"]

1. c4 {[%emt 0:00:00]} e5 {[%emt 0:00:00]} 2. g3 {[%emt 0:00:00]} Nc6 {[%emt 0:02:38]} 3. Bg2 {[%emt 0:01:14]} g6 {[%emt 0:02:52]} 4. Nc3 {[%emt 0:05:26]} Bg7 {[%emt 0:04:08]} 5. d3 {[%emt 0:04:32]} d6 {[%emt 0:02:42]} 6. Rb1 {[%emt 0:05:17]} Be6 {[%emt 0:10:26]} 7. b4 {[%emt 0:06:13]} Qc8 {[%emt 0:19:10]} 8. b5 {[%emt 0:10:17]} Nd8 {[%emt 0:01:52]} 9. Ba3 {[%emt 0:19:55]} Ne7 {[%emt 0:08:47]} 10. c5 {[%emt 0:08:16]} d5 {[%emt 0:06:59]} 11. c6 {[%emt 0:00:16]} bxc6 {[%emt 0:04:26]} 12. Bxe7 {[%emt 0:00:37]} Kxe7 {[%emt 0:00:12]} 13. bxc6 {[%emt 0:00:08]} e4 {[%emt 0:07:00]} 14. Qb3 {[%emt 0:00:32]} f5 {[%emt 0:20:04]} 15. Nxd5+ {[%emt 0:01:53]} Kf7 {[%emt 0:01:16]} 16. Nh3 {[%emt 0:01:00]} h6 {[%emt 0:01:03]} 17. dxe4 {[%emt 0:00:49]} Nxc6 {[%emt 0:01:56]} 18. exf5 {[%emt 0:09:18]} gxf5 {[%emt 0:00:14]} 19. O-O {[%emt 0:00:26]} Nd4 {[%emt 0:00:52]} 20. Qd3 {[%emt 0:01:45]} Rd8 {[%emt 0:01:27]} 21. Nhf4 {[%emt 0:00:36]} c6 {[%emt 0:00:51]} 22. Nxe6 {[%emt 0:06:27]} Qxe6 {[%emt 0:00:06]} 23. Rb7+ {[%emt 0:00:25]} Kg8 {[%emt 0:00:56]} 24. Rxg7+ {[%emt 0:01:27]} Kxg7 {[%emt 0:00:19]} 25. Qxd4+ {[%emt 0:00:06]} Kf7 {[%emt 0:00:33]} 26. Rd1 {[%emt 0:04:46]} Rd6 {[%emt 0:00:25]} 27. Rd3 {[%emt 0:09:52]} Rad8 {[%emt 0:00:49]} 28. Qxa7+ {[%emt 0:00:52]} R8d7 {[%emt 0:00:23]} 29. Qd4 {[%emt 0:01:05]} cxd5 {[%emt 0:00:07]} 30. Re3 {[%emt 0:00:10]} Qf6 {[%emt 0:00:47]} 31. Re5 {[%emt 0:00:20]} Kg7 {[%emt 0:01:07]} 32. Qf4 {[%emt 0:00:33]} Rf7 {[%emt 0:01:00]} 33. Bxd5 {[%emt 0:00:11]} Rf8 {[%emt 0:00:31]} 34. Bf3 {[%emt 0:01:11]} Re6 {[%emt 0:00:25]} 35. Ra5 {[%emt 0:00:35]} Re7 {[%emt 0:00:32]} 36. Kg2 {[%emt 0:00:17]} Rff7 {[%emt 0:00:28]} 37. h4 {[%emt 0:00:13]} Ra7 {[%emt 0:00:18]} 38. Rc5 {[%emt 0:01:02]} Rf8 {[%emt 0:00:45]} 39. Rc6 {[%emt 0:00:14]} Qd8 {[%emt 0:00:32]} 40. Qxh6+ {[%emt 0:00:07]} Kg8 {[%emt 0:00:12]} 41. Rg6+ {[%emt 0:00:06]} Kf7 {[%emt 0:00:05]} 42. Rg7+ {[%emt 0:00:06]} Ke8 {[%emt 0:00:06]} 43. Bc6+ {[%emt 0:00:06]} Rd7 {[%emt 0:00:07]} 44. Qe6+ {[%emt 0:00:05]} Qe7 {[%emt 0:00:06]} 45. Qxe7# {[%emt 0:00:05]} 1-0

[Event "September Lviv Tradition 2019"]
[Site "Lviv"]
[Date "2019.09.28"]
[Round "9.5"]
[White "Gavrish, Leonid"]
[Black "Rydstrom, Tom"]
[Result "1-0"]
[WhiteElo "2022"]
[BlackElo "2322"]
[Annotator "TA"]
[PlyCount "103"]
[EventDate "2019.09.23"]
[EventType "tourn"]
[EventCountry "UKR"]
[SourceTitle "playchess.com"]
[Source "ChessBase"]
[SourceQuality "1"]

{[%evp 10,111,22,20,21,4,0,0,8,7,22,4,7,0,22,20,19,26,38,19,30,28,36,31,43,38,30,0,16,0,0,-13,-15,-35,-25,-49,-51,-58,-28,-54,-51,-68,-68,-96,-89,-146,-114,-133,-131,-124,-60,-52,-52,-58,-51,-55,-54,-59,-35,-64,0,0,0,0,0,0,6,10,35,34,112,75,77,0,118,135,207,208,211,207,212,122,137,122,1145,1100,868,804,1783,1665,4906,821,6187,5828,5740,5724,6303,6295,5385,5202,6103,5281,29990,29991]} 1. d4 d5 2. c4 c6 3. cxd5 cxd5 4. Nc3 e5 5. Nf3 e4 6. Ne5 Nc6 {D10: Slav Defence: 3 cxd5 (without early Nf3) and 3 Nc3} (6... f6 7. Qa4+ Nd7 8. Nxd7 Bxd7 9. Qb3 Bc6 10. Bf4 Bd6 11. g3 h5 12. h4 Nh6 13. Bxh6 Rxh6 14. e3 f5 {½-½ (35) Koch,T (2480)-Sulskis,S (2529) Germany 2019}) 7. Nxc6 bxc6 8. Bf4 Nf6 $146 {The position is equal.} ({Predecessor:} 8... Ba6 9. Qa4 Bb7 10. e3 Bd6 11. Ba6 Rb8 12. Bxb7 Rxb7 13. Qxc6+ Qd7 14. Qxd6 Rxb2 15. Qxd5 {1-0 (46) Zwardon,V (2408)-Kahleys,K (2195) Katowice 2017}) 9. e3 Bd6 10. Bxd6 Qxd6 11. Be2 O-O 12. O-O Re8 13. Na4 Bf5 14. Nc5 Nd7 15. Rc1 Nxc5 16. Rxc5 Re6 17. Bg4 Rh6 {[%csl Gh6][%cal Rd6h2]} 18. g3 (18. h3 $5 {[%cal Rg4f5]} Bxg4 19. Qxg4 $11) 18... Bd7 19. Bxd7 Qxd7 $40 {[%mdl 128] Black is up to no good.} 20. f4 exf3 21. Qxf3 Re8 22. Rc3 Rf6 23. Qg2 Rfe6 24. Qf3 Qe7 25. Rfc1 h5 26. Re1 h4 27. Kg2 {[#]} (27. Rf1 $142) 27... Rf6 $1 $17 28. Qg4 Rg6 29. Qf5 Qd6 ({Black should play} 29... Qc7 $17 {[%cal Rh4g3]} 30. Qh3 hxg3 31. hxg3 Re4) 30. Rf1 $1 $15 Rf6 31. Qg4 Rh6 32. Qf5 Qe7 33. Rf4 Rb8 34. b3 Re8 (34... hxg3 $15 35. hxg3 Re8) 35. Rxh4 $1 $11 Rxh4 36. gxh4 {[%mdl 4096] Endgame KQR-KQR} g6 37. Qf4 Qd7 38. h3 Kg7 39. h5 Rh8 (39... Re4 $14 40. Qg5 Re6) 40. Qg4 Qd6 41. Qg3 (41. hxg6 $16 Rh6 42. Qf4 (42. gxf7+ $2 Rg6 $19) 42... Rxg6+ 43. Kh2) 41... Qd7 (41... Qb4 $1 $11) 42. hxg6 $16 f6 {[#]} (42... fxg6 $16 {was worth a try.} 43. Qe5+ Kh7) 43. Qg4 $1 $18 {[%cal Rg4d7]} f5 44. Qf4 Re8 45. b4 (45. Qh4 $18 {Threatening mate with Qh7+.} Rh8 46. Qg3) 45... Re4 $16 46. Qg5 {Threatens to win with Qh5.} f4 $2 {[%mdl 8192]} (46... Re6 $16 47. Kf3 Qb7) 47. exf4 $18 Re2+ 48. Kg3 Re1 49. Kf2 Qe6 50. Qg4 Qe8 51. f5 Re4 {[#]} 52. Qg5 {Played: f5-f6} 1-0